[Event "Chicago Open"]
[Site "Chicago"]
[Date "2015.05.25"]
[Round "8"]
[White "Naroditsky, Daniel"]
[Black "Gorovets, Andrey"]
[Result "1-0"]
[Annotator "Aronian"]
[WhiteElo "2708"]
[BlackElo "2585"]
[WhiteFideId "-1"]
[BlackFideId "-1"]
[PlyCount "124"]
[GameId "547026455467"]
[EventDate "2015.05.21"]
[EventType "swiss"]
[EventRounds "9"]
[EventCountry "USA"]
[SourceTitle "2025.12"]
[SourceDate "2025.12.01"]
[SourceVersion "1"]
[SourceVersionDate "2025.12.01"]
[SourceQuality "1"]

{[%evp 0,124,19,38,72,69,44,-6,7,18,74,40,23,12,24,31,31,30,28,28,34,12,28,29,35,25,39,45,30,8,0,35,109,-42,44,-11,0,0,0,-27,89,148,143,148,148,156,156,78,131,131,122,156,73,76,82,89,89,89,89,93,93,93,105,119,118,111,122,125,114,134,119,110,102,104,109,112,112,106,107,106,119,99,87,87,102,124,128,103,155,166,184,203,212,199,199,154,161,192,212,219,181,238,273,287,267,254,291,291,297,305,320,325,335,364,368,368,402,441,606,644,648,648,631,963,1021,1031,1146]} 1. e4 c5 2. Nf3 Nc6 3. d4 cxd4 4. Nxd4 g6 5. c4 Bg7 6. Be3 Nf6 7. Nc3 d6 {This more passive way of handling the Maroczy has lately been relegated to blitz. Nowadays people don´t like to give away space and the center without any concrete ideas, so the normal way to play is either 5. ... Nf6 6.Nc3 Nxd4 7. Qxd4 d6 (at least not letting White take on d4 naturally with the bishop, which they would rather do), or trying tricks with 6. ... Qb6 or 7. ... Ng4.} 8. Be2 O-O 9. O-O Bd7 {Black players generally use this line against inexperienced Maroczy players, but this game is a great example of Danya's positional understanding. From looking at Naroditsky's games I feel that, because of his big experience in King's Indian structures, he understood very well the role of space, and showed much better results in the games where he had space advantage. It's simpler and more sound to play} (9... Nxd4 10. Bxd4 Bd7 {, and you will soon see why.}) 10. Nc2 {The best move. One rule that applies to most positions where one side has a solid positional grip is, the side with the advantage must try and keep more pieces on the board. The control of center or space means that you have more squares to manuever and improve the placement of your pieces.} Be6 {Black is vacating d7 for a typical maneuver of the f6-knight to c5, as well as planing ... a7-a6-b5 or ... a7-a5-a4.} 11. f4 {Stopping ...Nf6-d7 and underlining Black's space problem.} Qa5 {Naturally, Black is trying to quickly get the f8-rook to c8 and start counterplay with ...a7-a6 and ...b7-b5. The engine suggests a very sad way to play for Black:} (11... Na5 {with the idea of meeting} 12. b3 {with} Ng4 {exchanging some pieces. But I don't think people play King's Indian or offbeat Sicilian structures to suffer for a draw in some passive and slightly worse position.}) {[#]} 12. g4 {Bold , brave and original! White is trying to use the time factor in his favor.} Rfc8 {This moves looks OK, but in hindsight, Black could play the other rook to c8 and be better prepared for Danya's idea.} 13. f5 {Played without any hesitation or doubt!} Bd7 14. g5 Ne8 ({Black might have been better off with the passive option} 14... Nxe4 {although, as I mentioned before, it would work better with a rook still on f8. One line could go} 15. Nxe4 Bxf5 16. Ng3 Bh3 17. Rf2 Bxb2 18. Rb1 Bg7 19. Rxb7 Rab8 20. Rxb8 Rxb8 21. Qd5 Qxd5 22. cxd5 Rb1+ {and Black is fighting for a draw in the endgame.}) 15. Nd5 {This whole sequence is the reason I chose this game. If I didn't know that White is a GM, I would think they have no clue about handling Maroczy structures. How many times do we see beast mode in this opening?} e6 {Logical. Very few people would dare to take on b2 and allow the rook to b7, but suprisingly it does not kill Black. The best way to react against} (15... Bxb2 {is} 16. Rb1 Bg7 17. Nd4 Qd8 18. h4 {, continuing the siege on the kingside.}) 16. fxg6 hxg6 (16... fxg6 {is not a consideration: After} 17. Nf6+ Bxf6 18. gxf6 {the threat of f6-f7 forces Black to waste two moves putting the c6-knight on f7 which leads to a passive and lost position. Having two knights in a passive positions can´t lead anywhere good.}) 17. Nf6+ Bxf6 {Correct again. After} (17... Nxf6 18. gxf6 Bf8 19. Rf2 {Black's position is close to hopeless: White's plan is to transfer the queen to h3 and threaten to put the bishop on h6 and/or swing the rook to f4 and h4.}) 18. gxf6 Qe5 {This move is fine objectively but leads Gorovets to trouble. After} (18... Ne5 19. b3 Bc6 20. Rf4 Nd7 {White has many interesting options for aggressive play, but Black's position looks harmonious.}) 19. Bd3 {Another excellent move.} Nxf6 {This tempting move loses the game in spectacular fashion. Black had two decent options:} (19... Qh5 {is hard to assess. It looks losing after} 20. Qxh5 gxh5 21. Bf4 Ne5 22. Bxe5 dxe5 23. Rae1 {, headed to e3 and either g3 or h3, but Black gets counterplay with} b5) ({The more human option is} 19... a6 {, although after} 20. Qf3 b5 21. c5 dxc5 22. Rad1 {Black has to resort to winter fattening with} Qxb2 {because they'll eventually have to sacrifice a piece on f6 and a tough defense is coming.}) 20. Qf3 Kg7 21. Rf2 {[#] White has the nasty threat of pushing the b-pawn to b5 and then playing Be3-d4. It's impossible to stop without material losses.} Rf8 22. b4 d5 ({There are many ways to win after} 22... Nxb4 {but the easiest is} 23. Bd4 Qg5+ 24. Rg2 Nxc2 25. Bxc2 Qh4 26. Rg4 Qxg4+ 27. Qxg4 e5 28. Qg3 exd4 29. Qxd6 {It seems like Black could survive until we realize that after} Bc6 {White can play} ({and after} 29... Rad8 {Black loses slowly with} 30. Rf1 Nh5 31. Qxd4+ Kg8 32. Qxa7 Bc6 33. Qe3 {White can eventually play c4-c5, e4-e5, Bc2-b3 and e5-e6.}) 30. e5 {followed by 31. e6, weakening the king's fortress,}) 23. b5 dxe4 24. Bxe4 Nxe4 25. bxc6 Bxc6 {Gorovets is trying his best to fight against the inevitable, but Danya's play is very precise.} 26. Bd4 f6 27. Bxe5 fxe5 28. Qxf8+ Rxf8 29. Rxf8 Kxf8 30. Nb4 {If not for this move, Black could hope to save the game, but since the black pawns will fall like ripe plums without the bishop, there is no choice but to allow White to get the knight to the dominant position on e5.} Ba4 31. Nd3 {The rest of the game is a good example of immaculate technique and does not require further comments. Naroditsky's play is a great example of an energetic and undogmatic approach in well-known structures.} Ke7 32. Re1 Ng5 33. Nxe5 Bc2 34. h4 Nf7 35. Nf3 Bd3 36. c5 Bc4 37. a3 Bd5 38. Kf2 Kf6 39. Kg3 Nh6 40. Ng5 Nf5+ 41. Kg4 e5 42. Ne4+ Ke6 43. Kg5 Bc6 44. Nd6 Nd4 45. Kxg6 Nf3 46. Rh1 b6 47. h5 bxc5 48. Nc4 Be4+ 49. Kg7 Kd5 50. Rc1 Ng5 51. h6 Bd3 52. Rg1 Ne6+ 53. Kf6 Nf8 54. Ne3+ Ke4 55. Re1 Nh7+ 56. Kg7 Kd4 57. Ng4 Ng5 58. Nxe5 c4 59. Nxd3 cxd3 60. Kg6 Nf3 61. Rd1 Ne5+ 62. Kg7 Kd5 1-0

[Event "PRO League Stage"]
[Site "Chess.com INT"]
[Date "2019.03.13"]
[Round "10"]
[White "Naroditsky, Daniel"]
[Black "Nakamura, Hikaru"]
[Result "1-0"]
[Annotator "Gelfand,Boris"]
[WhiteElo "2683"]
[BlackElo "2824"]
[WhiteFideId "-1"]
[BlackFideId "-1"]
[PlyCount "119"]
[GameId "1365069531291648"]
[EventDate "2019.01.08"]
[EventType "team-swiss (rapid)"]
[EventRounds "10"]
[EventCountry "USA"]
[SourceTitle "2025.12"]
[SourceDate "2025.12.01"]
[SourceVersion "1"]
[SourceVersionDate "2025.12.01"]
[SourceQuality "1"]
[WhiteTeam "San Francisco Mechanics"]
[BlackTeam "Seattle Sluggers"]
[WhiteTeamCountry "USA"]
[BlackTeamCountry "USA"]

{[%evp 0,119,19,8,10,-2,6,0,3,7,30,2,4,6,5,0,1,3,3,-8,-1,-13,-14,-19,-48,-15,-9,-8,8,-4,50,45,30,-7,78,41,112,57,95,102,108,41,78,94,127,39,56,53,120,164,-10,197,297,214,272,343,334,397,328,376,377,340,343,417,348,323,329,342,329,399,309,343,244,351,368,389,430,335,432,415,412,310,347,368,366,368,374,393,459,415,383,580,387,361,484,356,361,336,337,310,315,328,346,369,440,486,373,510,483,347,461,487,521,495,1012,1065,1160,1002,29985,29986,29993,29994] Even though I didn't know Danya personally so well, in 2017 I helped prepare him online for the U.S. Championship and I highly enjoyed our training and our conversations. This summer, we were coaching together at a camp in Charlotte, where we had some wonderful dinners together with other members of the camp. Every time we met, I was touched by his kindness, modesty, and love for chess. He was a big fan of blitz, and I regret that we didn't have a chance to play during my last visit to Charlotte. He will be dearly missed.} 1. Nf3 Nf6 2. g3 d5 3. Bg2 e6 4. O-O Be7 5. d3 b6 6. Nbd2 Bb7 7. e4 c5 8. Re1 {Danya is a big expert on the King's Indian, so I guess he felt comfortable playing it with reversed colors.} Nc6 9. Qe2 ({If White starts with} 9. e5 Nd7 10. h4 Qc7 11. Qe2 {, Black will not hurry to castle short into White's attack:} b5 12. Nf1 (12. c4 $5) 12... a5 13. N1h2 b4) 9... Qc7 10. Nf1 d4 {Hikaru is also looking for a fight.} ({Black could simplify a bit with} 10... dxe4 11. dxe4 Nd4 12. Nxd4 cxd4 13. e5 Nd5 {, leading to a balanced game.}) 11. e5 Nd7 ({I would rather prefer} 11... Nd5 12. h4 h6 13. N1d2 {, but it's a matter of taste.}) 12. Bf4 h6 13. h4 O-O-O $1 {Correct decision!} (13... O-O $2 14. N1h2 {will allow White to start a direct attack with} Rfe8 15. Ng4 (15. g4 $5) (15. a3 $5) 15... Bf8 16. Qd2 Kh7 17. c3 {.}) 14. N1d2 {[#]} Nb4 $2 {This is the only mistake in the game, but a serious one. Black had to look for counterplay with} (14... g5 $1 15. hxg5 hxg5 16. Nxg5 Bxg5 17. Bxg5 Rdg8 18. Bf4 Ne7 {with full compensation for the sacrificed pawn.} (18... Kb8 $5)) 15. Nc4 Nd5 16. Bd2 {Now White starts a direct attack against the king, and Danya conducts it almost flawlessly.} Nb8 ({Or} 16... b5 17. Nd6+ Bxd6 18. exd6 Qxd6 19. c3 dxc3 20. bxc3 {and Black's king is also weak.}) 17. a4 Ba6 ({Black is also in trouble after} 17... Nc6 18. a5 b5 19. Nd6+ Bxd6 20. exd6 Rxd6 21. a6 Ba8 22. c3) 18. c3 dxc3 19. bxc3 Nc6 20. a5 {The engine claims this is an inaccuracy and prefers} (20. Reb1) ({and} 20. Na3 $1 {but I will not criticize Danya for playing in the most direct way.}) 20... b5 21. Nd6+ Bxd6 22. exd6 Qxd6 23. c4 Nc7 ({It doesn't help to play} 23... Ndb4 {because of} 24. Bxb4 cxb4 25. cxb5 Bxb5 26. Rec1 Kb8 27. Qe3 {.}) ({The more stubborn defense was} 23... bxc4 24. dxc4 Rhe8 25. Rad1 Qc7 {, but it's hard to find, especially in a rapid game.}) 24. cxb5 Nxb5 25. Rac1 g5 26. hxg5 hxg5 27. Bxg5 Nbd4 28. Nxd4 Nxd4 29. Qe4 Kd7 30. Bf4 Qd5 31. Qxd5+ exd5 32. Rxc5 {[#] Black could already resign here.} Ne6 33. Rxd5+ Ke7 34. Bg5+ f6 35. Rxd8 Rxd8 36. Be3 Bxd3 37. Bxa7 Kf7 38. Bb6 Rd6 39. Rd1 Ke7 40. Bf1 Be4 41. Rxd6 Kxd6 42. a6 Ng5 43. f4 Nf3+ 44. Kf2 Nh2 45. Be2 f5 46. a7 Ng4+ 47. Ke1 Ba8 48. Bd3 Ke6 49. Kd2 Nf6 50. Bf2 Ne4+ 51. Ke3 Kd6 52. Bxe4 Bxe4 53. g4 Bc6 54. gxf5 Ke7 55. Bh4+ Kd6 56. Kd4 Bf3 57. f6 Ke6 58. Kc5 Bd5 59. f7 Kd7 60. Kxd5 {An impressive victory against one of the strongest players in the world.} 1-0

[Event "U.S. Masters"]
[Site "Greensboro"]
[Date "2019.08.24"]
[Round "7"]
[White "Naroditsky, Daniel"]
[Black "Ortiz Suarez, Isan Reynaldo"]
[Result "1-0"]
[Annotator "V.Topalov"]
[WhiteElo "2683"]
[BlackElo "2662"]
[WhiteFideId "-1"]
[BlackFideId "-1"]
[PlyCount "81"]
[GameId "346888313702"]
[EventDate "2019.08.21"]
[EventType "swiss"]
[EventRounds "9"]
[EventCountry "USA"]
[SourceTitle "2025.12"]
[SourceDate "2025.12.01"]
[SourceVersion "1"]
[SourceVersionDate "2025.12.01"]
[SourceQuality "1"]

{[%evp 0,81,19,31,19,14,16,26,26,-1,24,35,13,18,17,-2,13,12,6,12,16,16,16,6,6,4,31,53,52,68,50,47,37,38,33,67,56,56,85,80,102,100,94,43,85,90,99,100,136,105,121,75,84,101,110,133,106,136,140,142,220,128,175,210,228,207,237,224,233,219,241,224,238,225,238,279,309,302,348,380,646,714,717,753] Daniel's tragic death will have a strong impact in the chess world for sure. I shared time with him during the three occasions I visited Charlotte for their summer camps. He was very polite and educated, and the kids adored him. But he had bad luck. Some people are just born "honest" and with "integrity," and from that moment on it does not matter what they do, they will always be honest and 100 percent right. Vladimir Kramnik is such a person. Daniel had a dispute with Kramnik, but as I understand it, from the very beginning it was an impossible dispute to win. In 1928, Ilf and Petrov published the novel "The 12 Chairs," featuring the character Ostap Bender. During one of his many adventures through the vast Soviet Union, Bender visits the small town of Vasjuki, claiming he is a famous grandmaster. During a press conference, if I remember correctly, Bender proclaimed, "The blond guy will always play better than the brunette and no amount of training can change that" (my translation). With Kramnik we have the same situation: No matter what he says, he is right. Except that Kramnik is not blond.} 1. d4 d5 2. Nc3 Nf6 3. Bf4 e6 4. Nb5 Na6 5. e3 Be7 6. Nf3 O-O 7. a3 (7. h3 {gives the bishop on f4 a place to hide after a future ... Nf6-h5.}) (7. Be2 {makes sense as well. But Daniel has a different plan.}) 7... Nh5 8. Be5 $1 {I remember as a kid reading the books of Botvinnik, who said in a line in Exchange Slav that Black's move ... Nf6-h5 should be met by Bf4-e5.} f6 9. Bg3 c5 $2 {[#]} 10. c4 $1 {Suddenly White already has a serious advantage. At first glance it looks like Black did nothing wrong; he developed his pieces and went for the dark-squared bishop. But the knight on a6 is misplaced and the pawn structure, especially the pawn on e6, will be weak.} g6 11. Bd3 cxd4 12. exd4 Nb8 {Too slow. It would have been better to wait for White to castle, exchange on g3, and put the knight on c7.} 13. O-O Nc6 14. Re1 Nxg3 15. hxg3 Rf7 16. Nc3 Bf8 17. b4 Ne7 18. Qb3 Kg7 19. Re2 {White has a big advantage and many good moves. Daniel prepares a typical Exchange sacrifice on e6, a strike that will completely destroy the black pawn structure.} Bd7 20. Rae1 Rc8 {What I like about this game is that it shows how playing "normal" moves does not save one from trouble. Black didn't make any incredible mistake, and still he is objectively lost.} 21. c5 g5 22. Rxe6 $1 Bxe6 23. Rxe6 a6 24. Bb1 Rc6 {[#]} 25. Rxe7 $1 {White did not need to do that, but it is a very elegant way to finish. Personally, the Exchange sacrifice is my trademark, and that's why I chose this game.} Qxe7 26. Nxd5 Qe6 27. Qd3 Kh8 28. Ne3 Rc8 29. d5 Qd7 30. d6 {Full domination.} Bxd6 31. cxd6 Rc1+ 32. Kh2 Rxb1 33. Qxb1 Qxd6 34. Nf5 Qe6 35. Qd3 h5 36. N3d4 Qe5 37. Nh6 Rf8 38. Ndf5 Qe6 39. Qf3 Qe8 40. Qxb7 Qg6 41. Qe7 {Rest in peace, Daniel.} 1-0

[Event "U.S. Championship"]
[Site "Saint Louis"]
[Date "2021.10.07"]
[Round "2"]
[White "Naroditsky, Daniel"]
[Black "Xiong, Jeffery"]
[Result "1-0"]
[Annotator "Moradiabadi"]
[WhiteElo "2702"]
[BlackElo "2777"]
[WhiteFideId "-1"]
[BlackFideId "-1"]
[PlyCount "103"]
[GameId "547026671902"]
[EventDate "2021.10.06"]
[EventType "tourn"]
[EventRounds "11"]
[EventCountry "USA"]
[EventCategory "18"]
[SourceTitle "2025.12"]
[SourceDate "2025.12.01"]
[SourceVersion "1"]
[SourceVersionDate "2025.12.01"]
[SourceQuality "1"]

{[%evp 0,103,18,14,18,38,27,7,50,-9,-9,-5,16,24,26,4,2,0,2,9,10,3,12,9,9,0,-6,0,21,9,36,38,22,32,41,24,45,44,46,29,49,51,51,51,75,75,8,16,19,4,9,45,54,35,41,41,39,38,27,32,50,43,89,96,84,84,83,81,85,72,81,92,87,91,111,117,102,110,132,131,138,135,137,112,168,119,134,132,129,122,253,241,329,267,325,332,450,461,470,470,665,672,764,820,1022,1022] This game is an excellent example of Naroditsky's style: a non-forcing opening line that keeps many pieces on the board, a good sense of piece placement, a deep understanding of dynamics, and a reasonable degree of accuracy in the technical part of the game.} 1. d4 Nf6 2. Nf3 d5 3. e3 c5 4. Nbd2 e6 5. b3 b6 6. Bb2 Bd6 7. Bd3 cxd4 8. exd4 (8. Nxd4 {is a serious consideration, but Danya chose the classical path.}) 8... Ba6 {Black tries to take the venom out.} 9. c4 O-O 10. O-O Nbd7 11. Ne5 Rc8 12. f4 {The most aggressive move among the variety of choices.} Bb7 13. Qe2 Rc7 14. Rae1 Qa8 $2 {Too artificial. This is the very same way Chekhover went down in flames against Botvinnik in Moscow in 1935.} 15. f5 {The most natural response, although the engine prefers 15.a3! with the plan of g4-g5.} exf5 16. Rxf5 Re8 17. Ref1 Re6 $6 {[#]} ({The queen needed to get back into the game. Black's fine after} 17... Qd8 {.}) 18. cxd5 $1 {This move kills the prospects of the b2-bishop, but gives White's knights and queen a lot of maneuvering power. This is what Naroditsky was best at: dynamic intuition, trading one advantage for another.} Bxd5 19. Ndc4 Nxe5 20. dxe5 Bc5+ 21. Kh1 Ne4 {A strange fact: Naroditsky had run this critical position up to depth 50 on his computer back in 2021, with Stockfish 14.1, and was probably surprised to see that, despite Black's dubious maneuvers, they're still doing all right.} 22. R5f4 $1 f5 $1 {[#]} 23. b4 $1 {A brilliant move. If} (23. Rxf5 $4 Ng3+ 24. hxg3 Bxg2+ 25. Qxg2 Rh6+ {leads to checkmate, so White deflects the bishop and enables the c4-knight to land on e3 and target f5.}) 23... Bxb4 $4 {The losing mistake.} ({Black is still holding with} 23... b5 $1 24. Bxe4 Bxe4 25. Nd2 Bxb4 26. Nxe4 fxe4 27. Qxb5 a5 28. Rxe4 h6 {. To my 'old school' GM-eye, this is like a healthy pawn up after} 29. Re2 {, but then the engine comfortably plays} Qc6 {and claims equality. It does make sense: The e5-pawn is well-contained, and Black can create active play on the queenside.}) 24. Ne3 $6 (24. Rxf5 {wins material:} Rh6 (24... Bc5 25. R5f4 {and the knight is trapped; the tactic doesn't work because ... Re6-h6+ is answered by Rf4-h4.}) 25. Bxe4 $1 Bxe4 26. R5f4 Bd5 27. Ne3 Be7 28. Qd3 Be6 29. Nf5 Bxf5 30. Qxf5 {with e5-e6 coming up.}) 24... g6 25. a3 Be7 26. Nxd5 Qxd5 27. Qf3 $1 {A key tactical nuance. Now White has the serious threat of taking on e4 followed by Rf4-f8+.} Nc3 ({If} 27... Rc8 28. g4 $1 {and White's initiative will keep growing.}) 28. Bc4 $6 {Good enough:} (28. Bc2 $3 Qxf3 29. R4xf3 Ne4 30. Bb3 {is not that easy to find.}) 28... Rxc4 29. Qxd5 Nxd5 30. Rxc4 b5 31. Rc8+ Kf7 32. Rf3 Nb6 33. Rc7 Nc4 34. Bc3 Nxe5 35. Rh3 h5 36. Rxa7 f4 37. Rb7 Rc6 38. Rxb5 Bf6 {[#] White is winning. Danya's conversion technique is nothing less than perfect from here onward.} 39. Rb1 Ng4 40. Be1 $1 {The only move.} Rc2 41. Rf3 g5 42. h3 Ne5 43. Rf2 Rc4 44. Ra2 $1 {Rook behind the passed pawn.} f3 45. a4 Re4 46. Bg3 fxg2+ 47. Kxg2 Nd3 48. a5 h4 49. a6 hxg3 50. a7 Nf4+ 51. Kxg3 Re3+ 52. Kg4 {A classy finish.} 1-0